André Mandouze. Mémoires d’outre-siècle, T. II : 1962-1981. A gauche toute, bon Dieu ! Cerf, 2003, 498 pages, 39 € (notice n° 1619196)
[ vue normale ]
| 000 -LEADER | |
|---|---|
| fixed length control field | 00528cam a2200145 4500500 |
| 005 - DATE AND TIME OF LATEST TRANSACTION | |
| control field | 20260111090602.0 |
| 041 ## - LANGUAGE CODE | |
| Language code of text/sound track or separate title | fre |
| 042 ## - AUTHENTICATION CODE | |
| Authentication code | dc |
| 100 10 - MAIN ENTRY--PERSONAL NAME | |
| Personal name | Vallin, Pierre |
| Relator term | author |
| 245 00 - TITLE STATEMENT | |
| Title | André Mandouze. Mémoires d’outre-siècle, T. II : 1962-1981. A gauche toute, bon Dieu ! Cerf, 2003, 498 pages, 39 € |
| 260 ## - PUBLICATION, DISTRIBUTION, ETC. | |
| Date of publication, distribution, etc. | 2003.<br/> |
| 500 ## - GENERAL NOTE | |
| General note | 21 |
| 786 0# - DATA SOURCE ENTRY | |
| Note | Études | 399 | 7 | 2003-07-01 | p. 129m-143m | 0014-1941 |
| 856 41 - ELECTRONIC LOCATION AND ACCESS | |
| Uniform Resource Identifier | <a href="https://shs.cairn.info/revue-etudes-2003-7-page-129m?lang=fr&redirect-ssocas=7080">https://shs.cairn.info/revue-etudes-2003-7-page-129m?lang=fr&redirect-ssocas=7080</a> |
Pas d'exemplaire disponible.




Réseaux sociaux